000 00409pab a2200145 454500
008 180718b2005 xxu||||| |||| 00| 0 eng d
100 _aKalu, Kalu N.
245 _aCompeting ideals and the public agenda in medicare reform: the "garbage can" model revisited
260 _c2005
300 _ap.23-56.
362 _aMar
650 _aHealth services
773 _aAdministration and Society
909 _a64283
999 _c64283
_d64283